[Event "Buenos Aires Bolivar op 2nd"]
[Site "Buenos Aires"]
[Date "2009.08.30"]
[Round "6"]
[White "Salcedo, Carlos"]
[Black "Ruiz Panelo, Martin"]
[Result "1-0"]
[WhiteElo "1693"]
[BlackElo "1872"]
[PlyCount "29"]
[EventDate "2009.08.24"]
[EventType "swiss"]
[EventRounds "9"]
[EventCountry "ARG"]
[SourceTitle "CBM 132 Extra"]
[Source "ChessBase"]
[SourceDate "2009.11.03"]
[SourceVersion "1"]
[SourceVersionDate "2009.11.03"]
[SourceQuality "1"]

1. e4 c5 2. c3 d5 3. exd5 Qxd5 4. d4 cxd4 5. cxd4 Nc6 6. Nf3 e5 7. Nc3 Bb4 8. Bd2 Bxc3 9. Bxc3 e4 10. Ne5 Nxe5 11. dxe5 Qe6 12. Bb5+ Bd7 13. Bxd7+ Qxd7 14. Qxd7+ Kxd7 15. e6+ 1-0